01922nam a2200313 a 450000100100000000500170001000800410002702000380006802000240010604000250013008200160015524501450017124600810031626001250039730000320052249000300055450500810058459000270066570000490069283000370074195201230077895201080090195201140100995201230112395201230124695201080136995201140147799900170159100004687620260302114738.0180402s2016 dr a 000 p spa d a9789945492811 9789945492811(v. 1) a9789945903812(v. 2) aDO-SdBNPbspacBNPHU axxxxbV465n00aVentanas navegables, I :b62 escritores dominicanos de la diáspora /cpresentación de Carlos Sánchez ; compilación de José Acosta.00aVentanas navegables :bsesenta y dos escritores dominicanos de la diáspora aSanto Domingo : New York, N.Y. :bMinisterio de Cultura, Comisionado Dominicano de Cultura en los Estados Unidos,c2016. a2v :bil., retrs. ;c23 cm.1 aEdiciones del Comisionado0 g1.tPoesía, cuento, novela --gII.tEnsayo, teatro, literatura infantil -- aInventariado, 2018 /LP1 aAcosta, José,d1964-ecompilación924351 0aEdiciones del Comisionado972905 001054708PDaGRbGRcCTd2018-04-04iLF1l0ov. 1, e. 3p46876-30r2020-06-25w2020-06-25yLFPDZPréstamo en sala 0010718PDaGRbGRcCTd2018-04-04iLF1l0ov. 2p46876-40r2020-06-25w2020-06-25yLFPDZNo se presta 0010718PDaGRbGRcCTd2018-05-04iLF1l0ov. 2, e. 2p46876-50r2020-06-25w2020-06-25yLFPDZNo se presta 001054708PDaGRbGRcCTd2018-05-04iLF1l0ov. 2, e. 3p46876-60r2020-06-25w2020-06-25yLFPDZPréstamo en sala 001054708PDaGRbGRcCTd2018-05-04iLF1l0ov. 2, e. 4p46876-70r2020-06-25w2020-06-25yLFPDZPréstamo en sala 0010718PDaPDbPDcCTd2018-04-04iLF1l0ov. 1p46876-10r2020-06-25w2020-06-25yLFPDZNo se presta 0010718PDaPDbPDcCTd2018-04-04iLF1l0ov. 1, e. 2p46876-20r2020-06-25w2020-06-25yLFPDZNo se presta c46365d46365